[Event "Najdorf Memorial B"]
[Site "Warsaw POL"]
[Date "2023.07.18"]
[Round "8.14"]
[White "Szefer, Michal"]
[Black "Szydelko, Michal"]
[Result "1-0"]
[WhiteElo "1863"]
[BlackElo "1765"]

1. e4 c5 2. Nf3 d6 3. d4 cxd4 4. Nxd4 Nf6 5. Nc3 a6 6. Bg5 Nbd7 7. f4 Qc7
8. Qf3 e6 9. O-O-O Be7 10. g4 b5 11. Bxf6 Nxf6 12. g5 Nd7 13. f5 Bxg5+ 14.
Kb1 e5 15. Ndxb5 axb5 16. Nxb5 Qb6 17. Nxd6+ Ke7 18. Qh5 Qxd6 19. Rxd6 Kxd6
20. Qxg5 Bb7 21. Bb5 Nf6 22. Qxg7 Ke7 23. Bc4 Rhf8 24. Qg3 Nd7 25. Rd1 Bc6
26. f6+ Kxf6 27. Rd6+ Ke7 28. Rxc6 Rg8 29. Qh4+ Ke8 30. a3 1-0

[Event "Najdorf Memorial B"]
[Site "Warsaw POL"]
[Date "2023.07.18"]
[Round "8.15"]
[White "Kasperkiewicz, Pawel"]
[Black "Zareba, Piotr"]
[Result "1/2-1/2"]
[WhiteElo "1850"]
[BlackElo "1723"]

1. c4 Nf6 2. Nf3 e6 3. g3 d5 4. Bg2 Be7 5. O-O O-O 6. d4 dxc4 7. Qc2 a6 8.
Qxc4 b5 9. Qc2 Bb7 10. Bg5 Nbd7 11. Rd1 Rc8 12. Ne5 Bxg2 13. Kxg2 c5 14.
Nxd7 Nxd7 15. Bxe7 Qxe7 16. dxc5 Nxc5 17. Nc3 b4 18. Na4 Qb7+ 19. Kg1 Qb5
20. Nxc5 Rxc5 21. Qd2 h6 22. Rac1 Rd5 23. Qc2 Rfd8 24. Rxd5 Qxd5 25. b3 Qd2
26. Kg2 a5 27. Kg1 Qg5 28. Rd1 Rxd1+ 29. Qxd1 Qe5 30. h4 g6 31. e3 Kg7 32.
Qd2 Qc3 33. Qe2 Qc1+ 34. Kg2 Qc6+ 35. Kg1 a4 36. bxa4 Qxa4 37. Qb2+ Kg8 38.
Qd4 Qxa2 39. Qxb4 Qa1+ 40. Kg2 Qe5 1/2-1/2

[Event "Najdorf Memorial B"]
[Site "Warsaw POL"]
[Date "2023.07.18"]
[Round "8.16"]
[White "Yasmo, Daniil"]
[Black "Zeissel, Andrzej"]
[Result "0-1"]
[WhiteElo "1778"]
[BlackElo "1813"]

1. b4 d5 2. Bb2 Nf6 3. c4 c6 4. Nf3 Bg4 5. e3 e6 6. cxd5 exd5 7. b5 Be7 8.
bxc6 Nxc6 9. Be2 O-O 10. O-O Rc8 11. h3 Bxf3 12. Bxf3 Nb4 13. Bc3 Nd3 14.
Qe2 Nc5 15. d3 Na4 16. Bd4 Qa5 17. Qd2 Bb4 18. Qd1 Rc6 19. a3 Be7 20. Qb3
Rfc8 21. Qxb7 R6c7 22. Qb3 Nb6 23. Ra2 Nbd7 24. Rb2 Rc1 25. Bd1 Nc5 26.
Bxc5 Qxc5 27. Qb5 Qd6 28. Be2 Bd8 29. Qb7 Bb6 30. Nd2 Qxa3 31. Nc4 Rxf1+
32. Bxf1 Qf8 33. Nxb6 axb6 34. Qxb6 h5 35. Qb4 Qe8 36. g3 Qe5 37. Kg2 Nd7
38. Qb7 Rb8 39. Qxd7 Rxb2 40. Qd8+ Kh7 41. Qh4 Qxe3 42. Qxh5+ Kg8 43. Qf5
Qe6 44. Qg5 g6 45. h4 Qe1 46. Qf6 Rb1 47. Kf3 Qxf1 48. Qd8+ Kg7 49. Qc7
Qxd3+ 50. Kg2 Qe4+ 51. f3 Qe2+ 52. Kh3 Rh1+ 53. Kg4 Qe6+ 54. Kf4 Qf6+ 55.
Ke3 Rh2 56. g4 Rh3 57. Kd2 Qd4+ 0-1

[Event "Najdorf Memorial B"]
[Site "Warsaw POL"]
[Date "2023.07.18"]
[Round "8.17"]
[White "Bury, Milosz"]
[Black "Mazus, Jakub"]
[Result "1/2-1/2"]
[WhiteElo "1785"]
[BlackElo "1600"]

1. e4 c5 2. Nf3 e6 3. g3 Nc6 4. Bg2 d5 5. exd5 exd5 6. O-O d4 7. Re1+ Be7
8. d3 Nf6 9. Bg5 O-O 10. Nbd2 Be6 11. Bxf6 Bxf6 12. Ne4 Be7 13. h4 Bg4 14.
Qc1 Bxf3 15. Bxf3 f5 16. Ng5 Qd6 17. Qf4 Qxf4 18. gxf4 Bxg5 19. fxg5 Rfe8
20. Bxc6 bxc6 21. Kg2 Kf7 22. Kg3 Rab8 23. b3 g6 24. Kf4 a5 25. a4 Rbd8 26.
Rac1 Rb8 27. h5 Rbd8 28. h6 Re6 29. Rxe6 Kxe6 30. Re1+ Kd6 31. Kg3 Rb8 32.
f4 Rc8 33. Kf3 Rb8 34. Re5 Rd8 35. Kf2 Rb8 36. Kf3 1/2-1/2

[Event "Najdorf Memorial B"]
[Site "Warsaw POL"]
[Date "2023.07.18"]
[Round "8.18"]
[White "Pietrzak, Wojciech"]
[Black "Moszczenski, Milosz"]
[Result "1-0"]
[WhiteElo "1764"]
[BlackElo "1783"]

1. e4 c6 2. d4 d5 3. exd5 cxd5 4. c4 Nf6 5. Nc3 g6 6. Nf3 Bg7 7. Bd3 O-O 8.
h3 Nc6 9. O-O Nb4 10. Be2 Bf5 11. a3 Nc6 12. Be3 dxc4 13. Bxc4 Rc8 14. Ba2
Ne4 15. d5 Nxc3 16. bxc3 Ne5 17. Nxe5 Bxe5 18. Bd4 Qd6 19. Bxe5 Qxe5 20.
Re1 Qd6 21. Qb3 Rc7 22. c4 b6 23. Re3 Bc8 24. Rae1 Re8 25. Qd1 Ba6 26. Qa4
b5 27. cxb5 Bc8 28. Qd1 Bf5 29. Bb3 Rec8 30. a4 Qb4 31. Qf3 Rc3 32. Bd1 h5
33. Qe2 Bd3 34. Qd2 Qc4 35. Rxe7 Qxd5 36. Re8+ Kh7 37. Rxc8 Rxc8 38. Be2
Be4 39. Qxd5 Bxd5 40. a5 Rc2 41. Rd1 Be6 42. Bd3 Ra2 43. a6 Kg7 44. Be4 Rb2
45. Rb1 Rxb1+ 46. Bxb1 Bc4 47. b6 axb6 48. a7 Bd5 49. Bd3 Kf8 50. Be2 1-0

[Event "Najdorf Memorial B"]
[Site "Warsaw POL"]
[Date "2023.07.18"]
[Round "8.19"]
[White "Borkowski, Adam"]
[Black "Posuniak, Weronika"]
[Result "1/2-1/2"]
[WhiteElo "1717"]
[BlackElo "1949"]

1. d4 d5 2. c4 c6 3. Nc3 Nf6 4. Nf3 e6 5. cxd5 exd5 6. Bg5 Be7 7. e3 Bg4 8.
Be2 Nbd7 9. O-O O-O 10. Qc2 h6 11. Bf4 Nh5 12. Ne5 Bxe2 13. Nxe2 Nxf4 14.
Nxf4 Bd6 15. Nxd7 Qxd7 16. Nd3 Rfe8 17. Rae1 Re4 18. Nc5 Bxc5 19. Qxc5 b6
20. Qc3 Qd6 21. f3 Re6 22. Re2 Rae8 23. b4 Qe7 24. Rfe1 f5 25. a3 Rc8 26.
Qd3 g6 27. Rc1 Kh7 28. Kf2 Qd6 29. Kg1 Rc7 30. Rd1 Rb7 31. Qa6 Qb8 32. Qd3
a5 33. b5 Rc7 34. Qb3 Qd8 35. Rc1 Qe7 36. h3 f4 37. Rc3 a4 38. Qxa4 cxb5
39. Rxc7 Qxc7 40. Qxb5 Rxe3 41. Qb2 h5 42. Kf2 Qe7 43. Rxe3 Qxe3+ 44. Kf1
Qd3+ 45. Kf2 b5 46. Qb4 Qe3+ 1/2-1/2

[Event "Najdorf Memorial B"]
[Site "Warsaw POL"]
[Date "2023.07.18"]
[Round "8.20"]
[White "Gasiorek, Dariusz"]
[Black "Zbrzeski, Piotr"]
[Result "1/2-1/2"]
[WhiteElo "1832"]
[BlackElo "1618"]

1. d4 d5 2. c4 e5 3. dxe5 d4 4. Nf3 Nc6 5. Nbd2 Bg4 6. h3 Bxf3 7. Nxf3 Nge7
8. g3 Ng6 9. Bg2 Bc5 10. O-O O-O 11. b3 Qe7 12. a3 a5 13. Bb2 Rad8 14. Qc2
Rd7 15. Qf5 Rfd8 16. h4 Ngxe5 17. Nxe5 Qxe5 18. Qxe5 Nxe5 19. Rad1 Nc6 20.
Rd2 Kf8 21. Rfd1 Ke8 22. Kf1 Rd6 23. Bd5 Ke7 24. Kg2 Kf8 25. Kf3 Rf6+ 26.
Kg2 Rfd6 27. f4 Re8 1/2-1/2

[Event "Najdorf Memorial B"]
[Site "Warsaw POL"]
[Date "2023.07.18"]
[Round "8.21"]
[White "Kotowicz, Kamil"]
[Black "Uscinski, Michal"]
[Result "1-0"]
[WhiteElo "1704"]
[BlackElo "1793"]

1. d4 Nf6 2. Nf3 g6 3. e3 d5 4. b3 Bg7 5. Bb2 O-O 6. Nbd2 Bf5 7. Be2 Nbd7
8. c4 c6 9. O-O Rc8 10. Nh4 Be6 11. f4 Nb6 12. c5 Na8 13. g4 Ne4 14. f5
Nxd2 15. Qxd2 Bd7 16. Bd3 e5 17. Qf2 e4 18. Be2 Bf6 19. Ng2 gxf5 20. gxf5
Kh8 21. Kh1 Rg8 22. Bh5 Qe7 23. Nf4 Rg5 24. Rg1 Rcg8 25. Rxg5 Rxg5 26. Rg1
Nc7 27. Rxg5 Bxg5 28. Bg4 Bh4 29. Qe2 Ne8 30. Bc3 Ng7 31. Be1 Bxe1 32. Qxe1
Bxf5 33. Bd1 Bg6 34. b4 a6 35. a4 Nf5 36. b5 axb5 37. axb5 Nh4 38. b6 Nf3
39. Qg3 Bf5 40. Bxf3 exf3 41. Nh5 1-0

[Event "Najdorf Memorial B"]
[Site "Warsaw POL"]
[Date "2023.07.19"]
[Round "9.1"]
[White "Nesterenko, Kyrylo"]
[Black "Kulpa, Zuzanna"]
[Result "1/2-1/2"]
[WhiteElo "1907"]
[BlackElo "1911"]

1. Nf3 Nf6 2. c4 b6 3. Nc3 Bb7 4. d4 e6 5. a3 d5 6. Bg5 Be7 7. e3 O-O 8.
cxd5 Nxd5 9. Bxe7 Qxe7 10. Qc2 Nxc3 11. Qxc3 Rc8 12. Be2 Nd7 13. O-O c5 14.
Rac1 Nf6 15. dxc5 Rxc5 16. Qb4 Rac8 17. Rxc5 Qxc5 18. Qxc5 Rxc5 19. Rd1 g6
20. Kf1 Rc2 21. Rd2 Rc1+ 22. Rd1 Rc2 1/2-1/2

[Event "Najdorf Memorial B"]
[Site "Warsaw POL"]
[Date "2023.07.19"]
[Round "9.2"]
[White "Kitewski, Bartosz"]
[Black "Grajczak, Adrian"]
[Result "1-0"]
[WhiteElo "1971"]
[BlackElo "1880"]

1. d4 Nf6 2. c4 g6 3. Nc3 Bg7 4. Nf3 O-O 5. g3 d6 6. Bg2 Nbd7 7. O-O c6 8.
e4 e5 9. d5 Qe7 10. Qe2 c5 11. Bd2 Kh8 12. a3 Ng8 13. b4 b6 14. Rfb1 f5 15.
Ng5 Ndf6 16. bxc5 bxc5 17. Rb3 f4 18. Rab1 Nh5 19. Nf3 Bg4 20. Qd3 Qf6 21.
Ne2 Bh6 22. Ba5 Rf7 23. h3 Bxf3 24. Qxf3 fxg3 25. Qxf6+ Nhxf6 26. fxg3 Raf8
27. Rf1 Kg7 28. Rff3 Ne8 29. Rf4 Rf6 30. Rxf6 Rf7 31. Bf3 Ngxf6 32. Kg2 Kg8
33. Bd8 Bd2 34. g4 Bg5 35. a4 Kg7 36. Rb8 Nc7 37. Nc3 Nd7 38. Bxc7 Nxb8 39.
Bxb8 Rb7 40. Bxd6 Rb2+ 41. Ne2 Bf6 42. g5 Bxg5 43. Bxe5+ Bf6 44. Bxb2 1-0

[Event "Najdorf Memorial B"]
[Site "Warsaw POL"]
[Date "2023.07.19"]
[Round "9.3"]
[White "Suska, Szymon"]
[Black "Gbiorczyk, Mikolaj"]
[Result "1/2-1/2"]
[WhiteElo "1876"]
[BlackElo "1904"]

1. e4 c5 2. Nc3 e6 3. Nf3 Nc6 4. d4 cxd4 5. Nxd4 Nf6 6. Nxc6 bxc6 7. Bd3 d5
8. O-O Be7 9. exd5 exd5 10. Re1 O-O 11. Bg5 Be6 12. h3 Re8 13. Qf3 Rb8 14.
Rab1 Qd7 15. Ne2 c5 16. c3 h6 17. Bf4 Rb6 18. Ng3 a5 19. Be5 Qa4 20. Nf5
Bxf5 21. Qxf5 g6 22. Qf3 c4 23. b3 cxb3 24. axb3 Qc6 25. Bd4 Bc5 26. Bxf6
1/2-1/2

[Event "Najdorf Memorial B"]
[Site "Warsaw POL"]
[Date "2023.07.19"]
[Round "9.4"]
[White "Arciszewska, Zuzanna"]
[Black "Gorniewicz, Oskar"]
[Result "1-0"]
[WhiteElo "1732"]
[BlackElo "1890"]

1. d4 Nf6 2. c4 e5 3. dxe5 Ng4 4. Nf3 Bc5 5. e3 Nc6 6. Be2 Ngxe5 7. Nbd2
O-O 8. O-O d6 9. Ne4 Nxf3+ 10. Bxf3 Bb6 11. b3 Ne5 12. Be2 Qh4 13. Nd2 Ng4
14. Nf3 Qf6 15. Bd2 a5 16. Rc1 Qh6 17. h3 Nf6 18. Bc3 Re8 19. Bd4 Bxd4 20.
Qxd4 Re4 21. Qd1 Bd7 22. Bd3 Rae8 23. Bxe4 Rxe4 24. Nh2 Rh4 25. f4 Bc6 26.
Nf3 Rxh3 27. gxh3 Qxh3 28. Qe2 Ne4 29. Qg2 Qh5 30. Rcd1 f5 31. Rd5 Bxd5 32.
cxd5 h6 33. Rc1 Qf7 34. Nd4 g5 35. fxg5 hxg5 36. Rf1 Qh5 37. Nxf5 Nc3 38.
Nd4 1-0

[Event "Najdorf Memorial B"]
[Site "Warsaw POL"]
[Date "2023.07.19"]
[Round "9.5"]
[White "Haliniak, Wojciech"]
[Black "Celinski, Kamil"]
[Result "1-0"]
[WhiteElo "1901"]
[BlackElo "1820"]

1. e4 e5 2. Nc3 Nf6 3. f4 d5 4. fxe5 Nxe4 5. Qf3 f5 6. d3 Nxc3 7. bxc3 d4
8. Bb2 dxc3 9. Bxc3 Bb4 10. Ne2 Bxc3+ 11. Nxc3 Qd4 12. Kd2 Nc6 13. Re1 Be6
14. Qe3 O-O-O 15. Qxd4 Nxd4 16. Be2 Rhe8 17. Bf3 Bf7 18. h4 Re7 19. Re3 c6
20. Ne2 Nxe2 21. Rxe2 Rd4 22. Ke3 Ra4 23. d4 Rxa2 24. Kf4 Be6 25. Rd1 Ra4
26. Kg5 Rd7 27. c3 Kc7 28. h5 Ra3 29. Rc1 h6+ 30. Kg6 f4 31. Re4 c5 32.
Rxf4 Ra6 33. Rf8 Bc4+ 34. Kf5 cxd4 35. cxd4 Rxd4 36. e6 Ra5+ 37. Kg6 Re5
38. Kf7 b5 39. Re8 Kb6 40. Kxg7 Rxe6 41. Rxe6+ Bxe6 42. Rc6+ Ka5 43. Rxe6
b4 44. Be2 Rd7+ 45. Kxh6 b3 46. Re5+ Kb4 47. Rb5+ Kc3 48. Kg6 Rd6+ 49. Kg7
Rd7+ 50. Kf6 Rd6+ 51. Ke5 Rd8 52. Bg4 Rg8 53. Kf4 b2 54. h6 a5 55. h7 Rh8
56. Bf5 a4 57. Bb1 a3 58. Rh5 Kb3 59. Rh3+ Kb4 60. g4 Rf8+ 61. Ke4 1-0

[Event "Najdorf Memorial B"]
[Site "Warsaw POL"]
[Date "2023.07.19"]
[Round "9.6"]
[White "Polak, Michal"]
[Black "Kaminski, Jan"]
[Result "1-0"]
[WhiteElo "1895"]
[BlackElo "1862"]

1. d4 Nf6 2. Nf3 e6 3. g3 b5 4. Bg2 Bb7 5. O-O c5 6. a4 b4 7. c4 cxd4 8.
Nxd4 Bxg2 9. Kxg2 Be7 10. Nb5 d6 11. Bf4 e5 12. c5 a6 13. cxd6 axb5 14.
dxe7 Qxe7 15. Bg5 Nbd7 16. Nd2 bxa4 17. Rxa4 O-O 18. Ne4 Rfb8 19. Rxa8 Rxa8
20. Qb3 Rb8 21. Qf3 Qe6 22. Bxf6 Nxf6 23. Nxf6+ gxf6 24. Rc1 Rd8 25. h4 f5
26. Rc5 Rd4 27. Qe3 f6 28. Qh6 Qe7 29. Rb5 Rd8 30. Rb6 Rf8 31. Qd2 Rd8 32.
Qxb4 Qxb4 33. Rxb4 Kg7 34. Rb7+ Kg6 35. Kf3 Rd1 36. Ke3 Kh6 37. Rc7 Rb1 38.
Rb7 Rd1 39. b3 Kg6 40. Rc7 Rb1 41. Rb7 Rb2 42. Kf3 Kh6 43. b4 Kg6 44. b5
Rb3+ 45. e3 Rb2 46. b6 Kh6 47. Rb8 Kg6 48. Kg2 Rb1 49. Kh2 Rb2 50. Kg1 Rb1+
51. Kg2 Kh6 52. Kf3 Rb2 53. b7 Kg7 54. Kg2 h5 55. Kf1 Rb4 56. f3 Rb2 57.
Ke1 f4 58. gxf4 exf4 59. e4 Rb1+ 60. Kd2 Rb6 61. Kc3 Rb1 62. Kc4 Rb2 63.
Kd5 Rb6 64. Kc5 Rb2 65. Kc6 Rc2+ 66. Kd6 Rb2 67. e5 fxe5 68. Kxe5 Rb4 69.
Kf5 Kh7 70. Kg5 Kg7 71. Kxh5 Kh7 72. Kg5 Kg7 73. h5 Kh7 74. h6 1-0

[Event "Najdorf Memorial B"]
[Site "Warsaw POL"]
[Date "2023.07.19"]
[Round "9.7"]
[White "Lewandrowski, Tomasz"]
[Black "Jaszczuk, Piotr"]
[Result "1/2-1/2"]
[WhiteElo "1849"]
[BlackElo "1672"]

1. d4 Nf6 2. c4 g6 3. Bf4 Bg7 4. Nc3 d6 5. Qd2 Nc6 6. Nf3 Bf5 7. a3 Ne4 8.
Nxe4 Bxe4 9. d5 Bxf3 10. gxf3 Nd4 11. Rd1 e5 12. dxe6 Nxe6 13. Be3 Qf6 14.
b4 Qc3 15. Qxc3 Bxc3+ 16. Bd2 Bxd2+ 17. Rxd2 O-O 18. e3 Rfe8 19. Be2 a5 20.
b5 b6 21. h4 Rad8 22. Kf1 f5 23. f4 Nc5 24. Bf3 Ne4 25. Rd4 Kg7 26. h5 Rd7
27. hxg6 hxg6 28. Bxe4 Rxe4 29. Rxe4 fxe4 30. Ke2 Kf6 31. f3 exf3+ 32. Kxf3
d5 33. Rd1 Ke6 34. cxd5+ Rxd5 35. Rxd5 Kxd5 36. e4+ Kc4 37. f5 gxf5 38.
exf5 Kd5 39. Kf4 c5 40. bxc6 Kxc6 41. Ke5 Kd7 42. a4 Ke7 43. Kd5 Kf6 44.
Kc6 Kxf5 45. Kxb6 Ke6 46. Kxa5 Kd7 47. Kb6 Kc8 48. Ka7 Kc7 49. a5 Kc8
1/2-1/2

[Event "Najdorf Memorial B"]
[Site "Warsaw POL"]
[Date "2023.07.19"]
[Round "9.8"]
[White "Wieckowski, Michal"]
[Black "Sprzeczka, Emilia"]
[Result "1/2-1/2"]
[WhiteElo "1637"]
[BlackElo "1797"]

1. e4 c5 2. Nf3 d6 3. d4 cxd4 4. Nxd4 Nf6 5. Nc3 g6 6. Be3 Bg7 7. f3 O-O 8.
Qd2 Nc6 9. g4 Be6 10. Nxe6 fxe6 11. O-O-O Ne5 12. Be2 Qc8 13. h4 Nfd7 14.
h5 Nxf3 15. Bxf3 Rxf3 16. hxg6 hxg6 17. Qh2 Rxe3 18. Qh7+ Kf7 19. Rh6 Ne5
20. Rf1+ Rf3 21. Rxf3+ Nxf3 22. Qxg6+ Kg8 23. Qh7+ Kf7 24. Qg6+ Kg8 25.
Qh7+ Kf7 1/2-1/2

[Event "Najdorf Memorial B"]
[Site "Warsaw POL"]
[Date "2023.07.19"]
[Round "9.9"]
[White "Sypien, Natan"]
[Black "Terkiewicz, Bruno"]
[Result "1-0"]
[WhiteElo "1782"]
[BlackElo "1922"]

1. e4 c5 2. Nf3 Nc6 3. Bb5 e5 4. O-O Bd6 5. c3 a6 6. Ba4 b5 7. Bc2 Nge7 8.
a4 b4 9. d4 cxd4 10. cxd4 Nxd4 11. Nxd4 exd4 12. Nd2 Qc7 13. h3 Bb7 14. Bb3
O-O 15. Re1 Bc5 16. Nf3 d5 17. e5 Ng6 18. Bg5 Rfe8 19. Rc1 Rac8 20. e6 fxe6
21. Nxd4 Qb6 22. a5 Qxa5 23. Nxe6 Ba7 24. Rxc8 Rxc8 25. Be3 Bxe3 26. Rxe3
Re8 27. Nc5 Rxe3 28. Nxb7 1-0

[Event "Najdorf Memorial B"]
[Site "Warsaw POL"]
[Date "2023.07.19"]
[Round "9.10"]
[White "Jasiulewicz, Dawid"]
[Black "Szefer, Michal"]
[Result "1/2-1/2"]
[WhiteElo "1751"]
[BlackElo "1863"]

1. d4 Nf6 2. Nf3 c5 3. d5 b5 4. c4 Bb7 5. Nc3 b4 6. Na4 d6 7. Bg5 Ne4 8.
Bh4 Qa5 9. b3 g6 10. Qc2 f5 11. Ng5 Nxg5 12. Bxg5 Bg7 13. Rd1 Bc8 14. Qb1
Nd7 15. g3 Nf6 16. Bg2 Bd7 17. O-O Bxa4 18. bxa4 Qxa4 19. e4 fxe4 20. Bxe4
O-O 21. Bd3 Qd7 22. Rde1 Qh3 23. f3 Nh5 24. Qc2 Rf7 25. Qg2 Bd4+ 26. Kh1
Qxg2+ 27. Kxg2 Bf6 28. h4 a5 29. Re2 a4 30. Rfe1 Ng7 31. Bb1 Bc3 32. Rc1
Ra7 33. f4 Bd4 34. Rce1 b3 35. axb3 axb3 36. Bxe7 Bc3 37. Rc1 Rfxe7 1/2-1/2

[Event "Najdorf Memorial B"]
[Site "Warsaw POL"]
[Date "2023.07.19"]
[Round "9.11"]
[White "Zeissel, Andrzej"]
[Black "Pietrzak, Wojciech"]
[Result "1/2-1/2"]
[WhiteElo "1813"]
[BlackElo "1764"]

1. e4 e6 2. Qe2 c5 3. Nf3 Nc6 4. g3 d5 5. exd5 Qxd5 6. c3 Nf6 7. Bg2 Be7 8.
O-O Qh5 9. d4 cxd4 10. cxd4 O-O 11. Nc3 Rd8 12. Rd1 Nb4 13. h3 Qa5 14. Bd2
Qb6 15. Na4 Qc6 16. Nc5 Nbd5 17. Rac1 Qe8 18. Ne5 a5 19. g4 Qf8 20. g5 Ne8
21. Be4 g6 22. Ng4 b6 23. Nd3 Ba6 24. Qf3 Ra7 25. Nh6+ Kg7 26. Ne5 f5 27.
Nc6 Rad7 28. Bxd5 Rxd5 29. Nxd8 Bxd8 30. Bf4 Qb4 31. Qc3 Qe7 32. h4 Bb7 33.
Qa3 Qxa3 34. bxa3 Rd7 35. Rd2 Nd6 36. Be5+ Kf8 37. Rdc2 Nb5 38. Rc4 Nxa3
39. Rc6 Bxc6 40. Rxc6 Nb5 41. Rxe6 Nxd4 42. Bd6+ Be7 43. Bxe7+ Rxe7 44.
Rxb6 Re6 45. Rb7 Re7 46. Rb6 Re6 47. Rb1 Re4 48. Rb8+ Re8 49. Rb6 1/2-1/2

[Event "Najdorf Memorial B"]
[Site "Warsaw POL"]
[Date "2023.07.19"]
[Round "9.12"]
[White "Mazus, Jakub"]
[Black "Pires, Emanuel Joao Robarts"]
[Result "0-1"]
[WhiteElo "1600"]
[BlackElo "1994"]

1. e4 d6 2. d4 Nf6 3. Nc3 g6 4. Be3 c6 5. Qd2 b5 6. Bd3 Nbd7 7. Nf3 e5 8.
dxe5 dxe5 9. h3 Bg7 10. a4 b4 11. Ne2 Qe7 12. O-O O-O 13. c3 a5 14. Rfc1
Rb8 15. Ng3 Rd8 16. cxb4 Rxb4 17. Qc2 Rb7 18. Nd2 Bf8 19. Nb3 Qb4 20. Nd2
Nc5 21. Be2 Be6 22. Kh2 h5 23. f3 Qxb2 24. Bxc5 Rxd2 25. Qxb2 Rbxb2 26. Bf1
h4 27. Ne2 Nh5 28. Bxf8 Kxf8 29. Rc5 Rxe2 30. Bxe2 Rxe2 31. Kh1 Nf4 32. Rg1
Nd3 33. Rxa5 Ra2 34. Ra8+ Kg7 35. Rb1 c5 36. Kg1 Nf4 37. a5 Rxg2+ 38. Kf1
Bc4+ 0-1

[Event "Najdorf Memorial B"]
[Site "Warsaw POL"]
[Date "2023.07.19"]
[Round "9.13"]
[White "Zareba, Piotr"]
[Black "Kudlak, Julia"]
[Result "1/2-1/2"]
[WhiteElo "1723"]
[BlackElo "1899"]

1. e4 c5 2. Nf3 Nc6 3. d4 cxd4 4. Nxd4 e6 5. Nc3 Qc7 6. g3 a6 7. Bg2 Nf6 8.
O-O Be7 9. Re1 O-O 10. Nxc6 dxc6 11. e5 Rd8 12. Qf3 Nd5 13. h4 a5 14. Bg5
Nxc3 15. Qxc3 Bxg5 16. hxg5 Bd7 17. Re4 c5 18. Rh4 Rac8 19. Be4 g6 20. Kg2
Bc6 21. Bxc6 Qxc6+ 22. Qf3 Rd4 23. c3 Rxh4 24. gxh4 Rd8 25. Qxc6 1/2-1/2

[Event "Najdorf Memorial B"]
[Site "Warsaw POL"]
[Date "2023.07.19"]
[Round "9.14"]
[White "Stefaniuk, Zbigniew"]
[Black "Bury, Milosz"]
[Result "1-0"]
[WhiteElo "1721"]
[BlackElo "1785"]

1. e4 c5 2. Nf3 e6 3. d4 cxd4 4. Nxd4 Nf6 5. Nc3 Nc6 6. Ndb5 Bb4 7. a3
Bxc3+ 8. Nxc3 d5 9. exd5 exd5 10. Bd3 O-O 11. O-O Bg4 12. f3 Be6 13. Bg5 h6
14. Bh4 Qb6+ 15. Kh1 Nd7 16. f4 f6 17. Qh5 Ne7 18. Rae1 Rae8 19. Bf2 Qc6
20. Bb5 Qd6 21. Bc5 Qxc5 22. Rxe6 Rd8 23. b4 Qxc3 24. Rxe7 Nb6 25. Bd3 Rd7
26. Rxd7 Nxd7 27. Qxd5+ 1-0

[Event "Najdorf Memorial B"]
[Site "Warsaw POL"]
[Date "2023.07.19"]
[Round "9.15"]
[White "Sternik, Piotr"]
[Black "Mironowicz, Karol"]
[Result "0-1"]
[WhiteElo "1783"]
[BlackElo "1714"]

1. d4 d5 2. c4 c6 3. Nc3 Nf6 4. Nf3 e6 5. g3 dxc4 6. Bg2 b5 7. Ne5 a6 8. a4
Bb7 9. O-O Qb6 10. e4 Be7 11. d5 O-O 12. d6 Bd8 13. Be3 c5 14. a5 Qa7 15.
Ng4 Nc6 16. f4 Nxg4 17. Qxg4 f5 18. exf5 exf5 19. Bd5+ Kh8 20. Qh5 Nd4 21.
Bf7 Bf3 22. Rxf3 Nxf3+ 23. Qxf3 Rxf7 24. Qd5 Rc8 25. Re1 Bxa5 26. Bxc5 Bb6
27. Bxb6 Qxb6+ 28. Kf1 Qb7 29. Qe6 Qd7 30. Qd5 Rf6 31. Rd1 Rd8 0-1

[Event "Najdorf Memorial B"]
[Site "Warsaw POL"]
[Date "2023.07.19"]
[Round "9.16"]
[White "Dropia, Rafal"]
[Black "Mazur, Maciej"]
[Result "1-0"]
[WhiteElo "1585"]
[BlackElo "1758"]

1. d4 Nf6 2. Bf4 d5 3. e3 e6 4. Nd2 Bd6 5. Bd3 Bxf4 6. exf4 Qd6 7. Ne2 b6
8. c3 c5 9. g3 a5 10. Nf3 Ba6 11. Ne5 Bxd3 12. Qxd3 Nfd7 13. O-O O-O 14.
Rad1 cxd4 15. cxd4 Nxe5 16. fxe5 Qb4 17. Rc1 Qxb2 18. a3 a4 19. Rc2 Qb3 20.
Rc3 Qa2 21. Rb1 b5 22. Nc1 Qc4 23. Rxc4 bxc4 24. Qc3 Nc6 25. Na2 Na5 26.
Nb4 Nb3 27. f4 Rfc8 28. Kf2 Rc7 29. Ke3 Rcc8 30. Rb2 Rc7 31. g4 Raa7 32.
Na2 h6 33. h4 Rcb7 34. Nb4 Rc7 35. h5 Ra8 36. Rf2 Raa7 37. Kf3 Ra8 38. Kg3
Kh7 39. f5 Kg8 40. Nc2 Rb7 41. Kh4 Nc1 42. Nb4 Nb3 43. Rg2 Rc7 44. g5 hxg5+
45. Rxg5 Kh7 46. Nc2 Rb7 47. Qg3 Rg8 48. fxe6 Nd2 49. Qf4 Ne4 50. exf7 Rf8
51. Rf5 Rb6 52. Ne3 Nc3 53. Qf3 Rc6 54. Nxd5 Nb5 55. Qe4 Kh8 56. Ne7 g5+
57. hxg6 Kg7 58. Rh5 Rh8 59. Rxh8 Kxh8 60. f8=Q# 1-0

[Event "Najdorf Memorial B"]
[Site "Warsaw POL"]
[Date "2023.07.19"]
[Round "9.17"]
[White "Kaminski, Maciej"]
[Black "Kotowicz, Kamil"]
[Result "1/2-1/2"]
[WhiteElo "1917"]
[BlackElo "1704"]

1. e4 c5 2. Nf3 e6 3. d4 cxd4 4. Nxd4 a6 5. Be2 Bc5 6. O-O d6 7. Nb3 Ba7 8.
Qd3 Nc6 9. Qg3 Nf6 10. Nc3 b5 11. Rd1 b4 12. Rxd6 Bd7 13. e5 Nxe5 14. Qxe5
bxc3 15. Bf3 Rc8 16. Rxa6 Bb8 17. Qe2 O-O 18. bxc3 Qc7 19. g3 Qxc3 20. Ba3
Rfe8 21. Rc1 e5 22. Ra5 e4 23. Bg2 Be6 24. Qd2 Qxd2 25. Nxd2 Bd5 26. c4 e3
27. fxe3 Bxg2 28. Kxg2 Rxe3 29. Nf1 Re2+ 30. Kf3 Rxa2 31. Ra8 g5 32. Ne3 h5
33. h3 g4+ 34. hxg4 hxg4+ 35. Nxg4 Nxg4 36. Kxg4 Kh7 37. Kf3 f5 38. Rh1+
Kg6 39. Rb1 Rxc4 40. Rb6+ Kh5 41. Rbxb8 Rc3+ 42. Kf4 Raxa3 43. Rh8+ Kg6 44.
Rhg8+ Kf7 45. Rxa3 Rxa3 46. Rg5 Ke6 47. Rg6+ Kf7 48. Rb6 Rc3 49. Rb5 Kg6
50. Rb6+ Kf7 51. Rh6 Ra3 52. Rh5 Ke6 53. Rxf5 Rxg3 54. Kxg3 Kxf5 1/2-1/2

[Event "Najdorf Memorial B"]
[Site "Warsaw POL"]
[Date "2023.07.19"]
[Round "9.18"]
[White "Posuniak, Weronika"]
[Black "Mazurek, Jerzy"]
[Result "1-0"]
[WhiteElo "1949"]
[BlackElo "1738"]

1. d4 Nf6 2. c4 g6 3. Nc3 Bg7 4. e4 d6 5. Nf3 O-O 6. Bg5 h6 7. Be3 e5 8. d5
Ng4 9. Bd2 f5 10. Bd3 Na6 11. Qb1 Nc5 12. Bc2 a5 13. O-O f4 14. a3 a4 15.
Nb5 Nf6 16. Bb4 b6 17. Bxc5 bxc5 18. b4 axb3 19. Qxb3 g5 20. Nd2 g4 21. f3
g3 22. h3 Nh7 23. Rfe1 Qh4 24. Nxc7 Bxh3 25. gxh3 Qxh3 26. Re2 Rab8 27. Qa4
Rf6 28. Ne6 Rg6 29. Rg2 Ng5 30. Rb1 Rxb1+ 31. Bxb1 Qh4 32. Qe8+ Kh7 33.
Nf8+ Bxf8 34. Qxf8 Nh3+ 35. Kf1 Nf2 36. Qf7+ Rg7 37. Qf5+ Kh8 38. Qf8+ Rg8
39. Qxd6 Nd1 40. Qxe5+ Rg7 41. Qe8+ Kh7 42. e5+ 1-0

[Event "Najdorf Memorial B"]
[Site "Warsaw POL"]
[Date "2023.07.19"]
[Round "9.19"]
[White "Lazniewska, Zofia"]
[Black "Poziomkowski, Szymon"]
[Result "0-1"]
[WhiteElo "1663"]
[BlackElo "1880"]

1. e4 e5 2. Nf3 Nf6 3. Nc3 Bb4 4. Nxe5 O-O 5. Bd3 d5 6. O-O Re8 7. f4 dxe4
8. Be2 Nc6 9. Nxc6 bxc6 10. a3 Bc5+ 11. Kh1 Bf5 12. b4 Bd4 13. Bb2 Qd7 14.
Na4 Rad8 15. d3 Bxb2 16. Nxb2 Qd4 17. Qc1 Nd5 18. dxe4 Bxe4 19. Bd3 Ne3 20.
Rg1 Bd5 21. Nd1 Nxg2 22. Nc3 Nh4+ 23. Nxd5 Qxd5+ 0-1

[Event "Najdorf Memorial B"]
[Site "Warsaw POL"]
[Date "2023.07.19"]
[Round "9.20"]
[White "Goral, Jan"]
[Black "Rajda, Krystian"]
[Result "1/2-1/2"]
[WhiteElo "1714"]
[BlackElo "1847"]

1. d4 Nf6 2. c4 e6 3. g3 d5 4. Nf3 Be7 5. Bg2 O-O 6. O-O c6 7. Nbd2 Nbd7 8.
Qc2 b6 9. e4 dxe4 10. Nxe4 Bb7 11. Rd1 Qc8 12. Nxf6+ Nxf6 13. Ne5 c5 14. d5
exd5 15. cxd5 Bd6 16. Nc4 Ne8 17. Bg5 f6 18. Be3 Qg4 19. h3 Qh5 20. Qa4 Qf7
21. Rd2 Qc7 22. Rc1 Qc8 23. Rb1 Qc7 24. Rc1 g5 25. Qc2 Bc8 26. Qd1 Bf5 27.
b4 Rc8 28. Nxd6 Qxd6 29. bxc5 bxc5 30. Qa4 Rc7 31. Rb2 Ng7 32. Qc4 Rfc8 33.
Rb5 Qa6 34. Rxc5 Qxc4 35. R1xc4 Rxc5 36. Rxc5 Rb8 37. Ra5 Bd3 38. Rxa7 Nf5
39. a4 Nxe3 40. fxe3 Rb1+ 41. Kf2 Rb2+ 42. Kg1 Rb1+ 43. Kf2 1/2-1/2